Business rates (Record no. 115644)

MARC details
000 -LEADER
fixed length control field 01255cam a22002295a 4500
001 - CONTROL NUMBER
control field L159046
008 - FIXED-LENGTH DATA ELEMENTS--GENERAL INFORMATION
fixed length control field 151216s2015 xxk f 000 0 eng d
035 ## - SYSTEM CONTROL NUMBER
System control number (Sirsi) u159046
041 0# - LANGUAGE CODE
Language code of text/sound track or separate title eng
110 2# - MAIN ENTRY--CORPORATE NAME
Corporate name or jurisdiction name as entry element Colliers International
9 (RLIN) 5548
245 00 - TITLE STATEMENT
Title Business rates
Remainder of title How the 2017 Rating Revaluation will affect high street retailers
Medium [electronic resource]
260 ## - PUBLICATION, DISTRIBUTION, ETC.
Place of publication, distribution, etc. London
Name of publisher, distributor, etc. Colliers International
Date of publication, distribution, etc. 2015
520 ## - SUMMARY, ETC.
Summary, etc. Assesses how the 2017 Rating Revaluation will affect high street retailers. Considers how rental values have changed between the valuation date of 1 April 2008 (the valuation date for the 2010 Rating List) and 1 April 2015 (the valuation date for 2017 Rating List). Based on data collected on 421 retail centres for its annual Midsummer report on the retail market across the UK, analyses how business rates changes will effect retailers from 2017.
590 ## - LOCAL NOTE (RLIN)
Local note KA
650 24 - SUBJECT ADDED ENTRY--TOPICAL TERM
Topical term or geographic name entry element BUSINESS RATES
650 24 - SUBJECT ADDED ENTRY--TOPICAL TERM
Topical term or geographic name entry element REVALUATION
651 #4 - SUBJECT ADDED ENTRY--GEOGRAPHIC NAME
Geographic name United Kingdom
Chronological subdivision
690 ## - LOCAL SUBJECT ADDED ENTRY--TOPICAL TERM (OCLC, RLIN)
Topical term or geographic name as entry element Finance and taxation
690 ## - LOCAL SUBJECT ADDED ENTRY--TOPICAL TERM (OCLC, RLIN)
Topical term or geographic name as entry element Commercial property
9 (RLIN) 6227
856 40 - ELECTRONIC LOCATION AND ACCESS
Uniform Resource Identifier <a href="https://www.colliers.com/en-gb/uk/services/business-rates/rating-revaluation-high-street-retailers">https://www.colliers.com/en-gb/uk/services/business-rates/rating-revaluation-high-street-retailers</a>
Public note View the item free of charge from the www.colliers.com website
942 ## - ADDED ENTRY ELEMENTS (KOHA)
Suppress in OPAC 0
Holdings
Withdrawn status Lost status Source of classification or shelving scheme Damaged status Not for loan Home library Current library Shelving location Date acquired Total Checkouts Full call number Barcode Date last seen Copy number Price effective from Koha item type
    Dewey Decimal Classification     Virtual Virtual Online 16/12/2015   ONLINE PUBLICATION 159046-2001 06/08/2019 1 06/08/2019 Book